<?xml version="1.0" encoding="UTF-8"?><?xml-stylesheet type="text/xsl" href="static/style.xsl"?><OAI-PMH xmlns="http://www.openarchives.org/OAI/2.0/" xmlns:xsi="http://www.w3.org/2001/XMLSchema-instance" xsi:schemaLocation="http://www.openarchives.org/OAI/2.0/ http://www.openarchives.org/OAI/2.0/OAI-PMH.xsd"><responseDate>2026-06-07T23:47:22Z</responseDate><request verb="GetRecord" identifier="oai:docta.ucm.es:20.500.14352/54852" metadataPrefix="marc">https://docta.ucm.es/rest/oai/request</request><GetRecord><record><header><identifier>oai:docta.ucm.es:20.500.14352/54852</identifier><datestamp>2024-05-20T14:49:36Z</datestamp><setSpec>com_20.500.14352_14</setSpec><setSpec>col_20.500.14352_22</setSpec></header><metadata><record xmlns="http://www.loc.gov/MARC21/slim" xmlns:dcterms="http://purl.org/dc/terms/" xmlns:xsi="http://www.w3.org/2001/XMLSchema-instance" xmlns:doc="http://www.lyncode.com/xoai" xsi:schemaLocation="http://www.loc.gov/MARC21/slim http://www.loc.gov/standards/marcxml/schema/MARC21slim.xsd">
   <leader>00925njm 22002777a 4500</leader>
   <datafield ind2=" " ind1=" " tag="042">
      <subfield code="a">dc</subfield>
   </datafield>
   <datafield ind2=" " ind1=" " tag="720">
      <subfield code="a">Arnal Sarasa, María Dolores</subfield>
      <subfield code="e">author</subfield>
   </datafield>
   <datafield ind2=" " ind1=" " tag="260">
      <subfield code="c">2004-10-25</subfield>
   </datafield>
   <datafield ind2=" " ind1=" " tag="520">
      <subfield code="a">En esta investigación se analiza la incorporación de los inmigrantes polacos en la sociedad española. La óptica adoptada concede la máxima importancia a la incertidumbre del proceso, a los acontecimientos. No se niega la relevancia de las dimensiones estructurales para la adaptación, pero se intenta demostrar que existe una formidable capacidad de resignificación de las variables estructurales por parte de los inmigrantes. Para ello elaboramos una conceptualización de la adaptación como camino, de tal forma que para esta investigación el camino adaptativo vendría caracterizado por la contingencia (se opone al plan), el eclecticismo (se confiere cualquier sentido a los rasgos estructurales) y la urgencia (primacía de la acción).</subfield>
   </datafield>
   <datafield ind1="8" ind2=" " tag="024">
      <subfield code="a">978-84-669-1203-7</subfield>
   </datafield>
   <datafield ind1="8" ind2=" " tag="024">
      <subfield code="a">https://hdl.handle.net/20.500.14352/54852</subfield>
   </datafield>
   <datafield ind2="0" ind1="0" tag="245">
      <subfield code="a">Inmigrantes polacos en España : el camino como concepto teórico para el estudio de la adaptación</subfield>
   </datafield>
</record></metadata></record></GetRecord></OAI-PMH>